000
00275nam a2200109Ia 4500
008
220204s9999 xx 000 0 und d
082
_a
331.4
_b
ROH
100
_a
ROHRLICH, G F
245
0
_a
Environmental management
260
_a
Cambridge
_b
Ballinger Pub Co
_c
1976
942
_c
BK
999
_c
31648
_d
31648